Love, Life and Laughter/ (Record no. 206908)

MARC details
000 -LEADER
fixed length control field 00549nam a22001937a 4500
005 - DATE AND TIME OF LATEST TRANSACTION
control field 20241106122805.0
010 ## - LCCN (DPL NO)
LC control number ENG-142582
020 ## - INTERNATIONAL STANDARD BOOK NUMBER
Terms of availability 250.00
International Standard Book Number 9789394131101
035 ## - SYSTEM CONTROL NUMBER
System control number EN-126114
037 ## - SOURCE OF ACQUISITION
Source of stock number/acquisition DBAD
082 ## - DEWEY DECIMAL CLASSIFICATION NUMBER
Classification number S
Edition number First
100 ## - MAIN ENTRY--PERSONAL NAME
Personal name Mritunjay Kumar Singh
245 ## - TITLE STATEMENT
Title Love, Life and Laughter/
Statement of responsibility, etc By Mritunjay kumar Singh
250 ## - EDITION STATEMENT
Edition statement First
260 ## - PUBLICATION, DISTRIBUTION, ETC. (IMPRINT)
Place of publication, distribution, etc Delhi
Name of publisher, distributor, etc Meenakshi Prakashan
Date of publication, distribution, etc 2023
270 ## - ADDRESS
City Delhi
Address MB-32/2B, Gali No.-2, Shakarpur
Postal code 110092
Telephone number 09871431443
300 ## - PHYSICAL DESCRIPTION
Extent 120p.
Dimensions 22cm(Hb)
942 ## - ADDED ENTRY ELEMENTS (KOHA)
Source of classification or shelving scheme Dewey Decimal Classification
Item type English Books
Classification part S
Call number suffix MRI
Holdings
Withdrawn status Lost status Not for loan Collection code Home library Current library Date acquired Source of acquisition Cost, normal purchase price Full call number Barcode Copy number Cost, replacement price Koha item type
      Fiction Bawana Bawana 06/11/2024 DBAD 250.00 S MRI EN-126114 1 250.00 English Books

© Delhi Public Library
Hit Counter
free hit counter